01886 a2200193 45000010006000000050017000060080041000230030015000640400040000790800056001192450067001750200018002422500012002602640034002723000023003065051242003291000024015718560097015951600220260407155452.0260407a1998 arg spa dAR-UNSa-BCEJYS aAR-UNSa-BCEJYSbspacAR-UNSa-BCEJYS a519.2xProbabilidades y estadística matemática 10aEstadística aplicada a la administración y a la economía a970-10-1963-6 a3a. ed. 1aMéxico :bMcGraw-Hillc1998 axv, 416 p.c23 cm. a1. Análisis de datos económicos y administrativos - 2. Presentaciones estadísticas y análisis de gráficas - 3. Descripción de datos económicos y administrativos : medidas de posición - 4. Descripción de datos económicos y administrativos: medidas de variabilidad - 5. Probabilidad - 6. Distribuciones de probabilidad para variables aleatorias discretas: binomial, hipergeométrica y Poisson - 7. Distribuciones de probabilidad para variables aleatorias continuas: normal y exponencial - 8. Distribuciones de muestreo e intervalos de confianza para la medida - 9. Otros intervalos de confianza - 10. Pruebas de hipótesis referentes al valor de la medida de una población - 11. Otras pruebas de hipótesis - 12. La prueba de Ji-cuadrada - 13. Análisis de varianza - 14. Análisis de regresión y correlación lineal - 15. Regresión y correlación múltiple - 16. Análisis de series de tiempo y pronósticos económicos - 17. Números índices para datos económicos y administrativos - 18. Análisis de decisión: tablas de pagos y arboles de decisión - 19. Análisis de decisión: el uso de información muestral - 20. Control estadístico de procesos - 21. Estadística no paramétrica1 aKazmier, Leonard J.41uhttps://www.biblioeco.unsa.edu.ar/pmb/images/libros/16002.jpgyImagen de portadaqimage/jpeg